000 00687cab a2200193 4500
001 WB2611-14
008 090401t1990 xxu||||| |||| 00| 0 eng d
035 _a(Sirsi) u9690
041 _aeng
245 _aAdvantages of renting
260 _c1990
350 _a0
490 _aObserver
_v11/3/90 p46
520 _aWoolwich Homes hopes to double its portfolio of rented accommodation by the end of next year and with rents costing 55% of the expense of owner-occupation , coupled with the career advantages of mobility, the managing director of Woolwich Homes thinks renting is a good option.
650 _aRENTED HOUSING
690 _aHOUSING
942 _n0
948 _c04/03/1997
999 _c6084
_d6084